000 00823cam a22002651 4500
001 sa 67005899
003 DLC
005 20260227112401.0
008 890710s1964 ii b 000 0 hino
010 _asa 67005899
035 _a(OCoLC)19985919
040 _aDLC
_cWaU
_dDLC
042 _apremarc
050 0 0 _aPK2095
_b.K4 1964
100 0 _aKeśavadāsa,
_d1555?-1617?
245 1 0 _aĀcārya Keśavadāsa ke tīna grantha.
260 _c[1964]
300 _a33, 62 p.
_c23 cm.
440 0 _aWoolner Indological series,
_v10
490 0 _aVishveshyaranand Vedic Research Institute, Hoshiarpur, India. Publication,
_v311
500 _aIn Hindi.
504 _aBibliographical footnotes.
700 1 _aSharma, Kiran Chandra,
_d1917-
830 0 _aVishveshvaranand Vedic Research Institute publication ;
_vno. 311
999 _c75536
_d75536